000 00735nam a2200253Ia 4500
003 OSt
005 20220928110338.0
006 a|||||r|||| 00| 0
007 ta
008 220927b |||||||| |||| 00| 0 san d
020 _cINR 75.00
024 _a69072
037 _b486, 25/10/2017, Vidyanidhi Prakashan
_cTextual
040 _aSDCL
_cSDCL
_bsan
041 _2san
_asan
082 _aO15:2JO:1, L2
100 _aSarama Sesaraja
_9419127
245 0 _aPrasannaraghava
260 _aVaranasi
_bChowkhamba Vidyabhawan
_c1972
300 _a464p.
_ccm.
650 _aSanskrit
_9391587
942 _hO15:2JO:1, L2
_cTEXL
_2CC
999 _c735173
_d735173